00979nam a2200253 a 450000100100000000500170001000800410002702000150006802000150008304000250009808200170012310000280014024500490016826000430021730000340026050000760029450400730037050400320044365000560047565100570053165100420058871000500063071000450068000002520620250205124808.0110211s1998 dr ab 000 0 spa d a8489525587 a8492184582 aDO-SdBNPbspacBNPHU a330.9bL925j1 aLozano, Wilfredod1950-10aJornaleros e inmigrantes /cWilfredo Lozano. aSanto Domingo :bFLASCObINTEC,c1998. a189 p. :bil., map. ;c22 cm. aIncluye datos biográficos del autor en la solapa de la contracubierta aIncluye referencias bibliográficas y notas al pie de las páginas aBibliografía : p. 173-181 4aTrabajadores agríícolaszRepública Dominicana 4aRepública DominicanaxEmigración E Inmigración 4aHaitíxEmigración E Inmigración1 aFacultad Latinoamericana de Ciencias Sociales2 aInstituto Tecnológico de Santo Domingo